Szczegóły MARC21

Młynek do kawy /

003 -Nazwa inst., której nr kontr. jest w polu 001 [,]
    • @
    • Nazwa instytucji, której n kontrolny jest w polu 001
    • NUKAT
005 -DATA I CZAS OSTATNIEJ MODYFIKACJI [,]
    • @
    • pole kontrolne
    • 20241231100051.0
040 -Instytucja sporządzająca opis [ , ]
    • a
    • Instytucja, która sporządziła opis (NP)
    • KR 297/JAK
    • c
    • Instytucja, która sporządziła rekord (NP)
    • KR 297/JAK
    • d
    • Instytucja, która zmodyfikowała rekord (P)
    • KR U/KNs
    • d
    • Instytucja, która zmodyfikowała rekord (P)
    • OLSZT 003/baks
942 -Rodzaj dokumentu [ , ]
    • c
    • Rodzaj dokumentu
    • Książka
100 -Hasło główne - nazwa osobowa [1, ]
    • a
    • Nazwa osobowa (NP)
    • Gałczyński, Konstanty Ildefons
    • d
    • Daty biograficzne (NP)
    • (1905-1953).
    • 9
    • KHW
    • 17206
240 -Tytuł ujednolicony [1,0]
    • a
    • Tytuł ujednolicony
    • Młynek do kawy
    • l
    • Język tekstu
    • (pol.)
    • 9
    • KHW
    • 358375
245 -Strefa tytułu i oznaczenia odpowiedzialności [1,0]
    • a
    • Tytuł
    • Młynek do kawy / Find
    • c
    • Pozostałe elementy strefy tytułu i oznaczenia odpowiedzialności (NP)
    • Konstanty I. Gałczyński ; il. Stanisław Zamecznik.
260 -Strefa adresu wydawniczego [ , ]
    • a
    • Miejsce wydania (P)
    • Warszawa :
    • b
    • Nazwa wydawcy (P)
    • Czytelnik,
    • c
    • Data wydania (P)
    • 1958.
300 -Strefa opisu fizycznego [ , ]
    • a
    • Określenie formy książki i/lub objętość (NP)
    • 62, [2] s. :
    • b
    • Oznaczenie ilustracji (NP)
    • il. kolor. ;
    • c
    • Format (NP)
    • 18 cm.
336 -Typ zawartości [ , ]
    • a
    • Termin opisujący typ zawartości
    • Tekst
    • b
    • Kod określający zawartość
    • txt
    • 2
    • Źródło (terminu i kodu)
    • rdacontent
337 -Typ mediów [ , ]
    • a
    • Tryb odtwarzania
    • Bez urządzenia pośredniczącego
    • b
    • Kod typu mediów
    • n
    • 2
    • Źródło (terminu i kodu)
    • rdamedia
338 -Typ/rodzaj nośnika [ , ]
    • a
    • Hasło opisujące typ nośnika
    • Wolumin
    • b
    • Kod typu nośnika
    • nc
    • 2
    • Źródło (terminu i kodu)
    • rdacarrier
080 -Uniwersalna Klasyfikacja Dziesiętna [ , ]
    • a
    • Symbol klasyfikacji
    • 821.162.1-93
    • 2
    • Identyfikator wydania tablic
    • UDC-P058
    • 9
    • UKD
    • 16926
    • b
    • Dopowiedzenie
    • Literatura polska. - Literatura dla dzieci i młodzieży (do lat 16).
    • 4
    • UKD2
    • 8230
    • x
    • Poddział wspólny
    • "19"
    • c
    • Dopowiedzenie poddz. wspólnego
    • Wiek XX.
655 -Hasło w funkcji tematu formalnego [ ,7]
    • a
    • Hasło
    • Powieść polska dla młodzieży
    • y
    • Określnik chronologiczny
    • 1945-1970.
    • 2
    • Źródło terminu
    • kaba
    • 9
    • KHW
    • 360946
980 -Symbol UKD [ , ]
    • a
    • UKD
    • 821.162.1-93"19"
700 -Hasło dodatkowe - nazwa osobowa [1, ]
    • a
    • Nazwa osobowa (NP)
    • Zamecznik, Stanisław Find
    • d
    • Daty biograficzne (NP)
    • (1909-1971).
    • e
    • Określenie rodzaju współpracy
    • Il.
    • 9
    • KHW
    • 67378
710 -Hasło dodatkowe - nazwa ciała zbiorowego [2, ]
    • a
    • Nazwa ciała zbiorowego lub nazwa geograficzna jako pierwszy element (NP)
    • Spółdzielnia Wydawnicza "Czytelnik".
    • 4
    • Kod relacji
    • pbl
    • 9
    • KHW
    • 52317
Status udost. Sygnatura Numer inwentarzowy Data inwentaryzacji Lokalizacja
1egz. arch.Z.473032002-11-21BG
1 JK.3212002-12-02BG